Cricket Legend and Their Nicknames - Statistics

General Stats
  • This quiz has been taken 3,414 times
    3,412 since last reset
  • The average score is 5 of 8
Answer Stats
Hint Answer % Correct
Little Master Sachin Tendulkar
89%
AB and Allas AB de Villiers
77%
Punter Ricky Ponting
77%
Woody or Cooky Alastair Cook
73%
Chin and Swanny Graeme Swann
71%
Beefy and Both Ian Botham
69%
The Wall and Jammy Rahul Dravid
67%
Levi and Muppet Andrew Strauss
14%
No matching quizzes found
Score Distribution
Percent of People with Each Score
Percentile by Number Answered
Your Score History
You have not taken this quiz since the last reset